000 00382nam a2200157Ia 4500
005 20240906064442.0
008 240331s9999 xx 000 0 und d
082 _bWAL
_a658
100 _aWalker, B
245 0 _aBetter ways to prepare for emergencies
260 _aColombo
_bRedR-IHE Sri Lanka
_c2006
300 _a65 p .,
650 _aPoverty
650 _aSickness
942 _cL
999 _c1346
_d1346